Allgemeinwissen & mehr (Teil 4) - Statistiken

Allgemein
  • Dieses Quiz wurde 2.243 mal gespielt
  • Das Durchschnittsergebnis liegt bei 11 aus 20
Antwortstatistiken
Frage Antwort % Korrekt
Welche aus Dänemark stammenden Spielzeugbausteine wurden 1958 patentiert? Lego
100%
Wie bezeichnet man eine Erhebung aus Sand, die vom Wind angeweht und abgelagert wird? Düne
93%
Wilhelm Högner war bisher der einzige Ministerpräsident Bayerns, der nicht der CSU angehörte, sondern welcher Partei? SPD
88%
Welche Comicfiguren leben in Pilzhäusern? Schlümpfe
83%
In welchem Alter starben die Musiker Jim Morrison, Jimi Hendrix, Brian Jones, Janis Joplin, Kurt Cobain und Amy Winehouse? 27
81%
Den Zoo in welcher Stadt kann man durch das schmuckvolle Elefantentor betreten? Berlin
75%
Der Saft welcher Frucht gehört in den Cocktail Piña Colada? Ananas
72%
Fender, Gibson und Rickenbacker sind bekannte Hersteller welcher Musikinstrumente? Gitarren
70%
Die Uraufführungen der 5. und 6. Sinfonie welches Komponisten fanden 1808 in einem einzigen Konzert in Wien statt? Ludwig van Beethoven
67%
Welcher Autohersteller hat die Modelle Logan, Sandero und Duster im Programm? Dacia
61%
Aus welchem Kartenspiel kommt der Begriff "Showdown" ursprünglich? Poker
55%
Professor Moriarty ist der Erzrivale welcher literarischen Figur? Sherlock Holmes
51%
Welche europäische Hauptstadt trägt den Namenszusatz "la Vella" (die Alte)? Andorra
44%
Was ist die mit Abstand beliebteste Sportart in Litauen? Basketball
39%
Welche fleischfressende Pflanze ist neben der Wasserfalle die einzige, die mit Klappfallen arbeitet? Venusfliegenfalle
36%
In welcher Stadt hat die einzige Fernuniversität Deutschlands ihren Sitz? Hagen
30%
Welche Säure mit der Formel CH2O2 wird in der Natur häufig von Lebewesen zu Verteidigungszwecken genutzt? Ameisensäure
26%
Pakistanische Tippler und Usbekische Tümmler heißen Rassen welcher Vogelart? Tauben
16%
Welcher Stoff wurde zunächst hauptsächlich in Manchester hergestellt und hieß in Deutschland deshalb früher auch Manchester? Cord
10%
Welcher Fußballtrainer prägte den Satz "Die Null muss stehen"? Huub Stevens
8%
Keine übereinstimmenden Quizze gefunden
Verteilung der Resultate
Anzahl Personen mit jedem Resultat
Perzentil nach korrekt beantworteten Fragen
Ihre Resultats-Entwicklung
Sie haben dieses Quiz noch nicht gespielt